[Event "SR 3. liga A2 2004/2005"]
[Site "?"]
[Date "2005.??.??"]
[Round "?"]
[White "Sekera, Branislav"]
[Black "Stepanovic, Branislav"]
[Result "1-0"]
[WhiteElo "2120"]
[BlackElo "2055"]
[Annotator "Modranka - Piestany B"]
[PlyCount "79"]
[EventDate "2004.??.??"]

1. d4 Nf6 2. Nf3 d5 3. g3 c6 4. Bg2 Bf5 5. O-O e6 6. Nh4 Be4 7. f3 Bg6 8. Nxg6
hxg6 9. e4 Be7 10. e5 Nfd7 11. c3 c5 12. Be3 Qb6 13. Qc1 Nc6 14. Rd1 Rc8 15.
Qd2 O-O 16. Qf2 cxd4 17. cxd4 Na5 18. b3 Rc7 19. f4 Rfc8 20. g4 Rc2 21. Nd2
R8c3 22. Qe1 Bh4 23. Qxh4 Rxe3 24. Nf3 Nc6 25. Kh1 Ree2 26. Rg1 Nxd4 27. Ng5
Nf8 28. Rad1 f6 29. exf6 gxf6 30. Nh3 Kg7 31. Qg3 Rxa2 32. g5 Nf5 33. gxf6+
Kxf6 34. Qc3+ d4 35. Qc8 Ke7 36. Rc1 Nd7 37. Ng5 Ne3 38. Qg8 Rxg2 39. Qf7+ Kd6
40. Qxe6# 1-0

[Event "SR 3. liga A2 2004/2005"]
[Site "?"]
[Date "2005.??.??"]
[Round "?"]
[White "Pobjecky, Ivan"]
[Black "Sturdik, Igor"]
[Result "0-1"]
[WhiteElo "2010"]
[BlackElo "1925"]
[Annotator "Modranka - Piestany B"]
[PlyCount "58"]
[EventDate "2004.??.??"]

1. e4 Nf6 2. e5 Nd5 3. d4 d6 4. c4 Nb6 5. exd6 exd6 6. h3 Nc6 7. Nc3 Be7 8. Nf3
Bf5 9. Bd3 Bxd3 10. Qxd3 O-O 11. O-O Bf6 12. Be3 d5 13. c5 Nc4 14. b3 Nxe3 15.
Qxe3 Re8 16. Qd3 Ne7 17. Ne5 Bxe5 18. dxe5 c6 19. f4 Ng6 20. Rae1 Qh4 21. g4
Nxf4 22. Qf3 Nxh3+ 23. Kg2 Ng5 24. Qg3 Qxg3+ 25. Kxg3 Re6 26. Kf4 h6 27. Ne2 f6
28. Nd4 fxe5+ 29. Rxe5 Nh3+ 0-1

[Event "SR 3. liga A2 2004/2005"]
[Site "?"]
[Date "2005.??.??"]
[Round "?"]
[White "Mackovic, Miroslav"]
[Black "Mihalik, Anton"]
[Result "1/2-1/2"]
[WhiteElo "1930"]
[BlackElo "2030"]
[Annotator "Modranka - Piestany B"]
[PlyCount "114"]
[EventDate "2004.??.??"]

1. e4 c5 2. Nf3 d6 3. d4 cxd4 4. Nxd4 Nf6 5. Nc3 a6 6. Be2 e6 7. O-O Be7 8. Be3
O-O 9. f4 Qc7 10. Bf3 Nbd7 11. Nb3 Rb8 12. a4 b6 13. g4 Bb7 14. g5 Ne8 15. Qe2
g6 16. h4 Ng7 17. h5 Rfc8 18. hxg6 fxg6 19. Nd2 Rf8 20. Bg4 Rf7 21. Qh2 Nf8 22.
Qh3 Bc8 23. Rf2 b5 24. axb5 axb5 25. Nf1 b4 26. Nd1 d5 27. exd5 exd5 28. Bxc8
Qxc8 29. Qxc8 Rxc8 30. Ra5 Rd8 31. Bb6 Rd7 32. Nde3 d4 33. Nd5 Nfe6 34. Ng3
Rxd5 35. Rxd5 Nxf4 36. Rxf4 Rxf4 37. Bxd4 Rxd4 38. Rxd4 Bc5 39. c3 bxc3 40.
bxc3 Ne6 41. Ne4 Bxd4+ 42. cxd4 Nxd4 43. Kg2 Kf7 44. Kg3 Nf5+ 45. Kf4 Ng7 46.
Kg4 Ne6 47. Nd6+ Ke7 48. Ne4 Nf8 49. Kf4 Ke6 50. Nc3 Nd7 51. Ne4 Kd5 52. Nc3+
Kd6 53. Ne4+ Ke6 54. Nf2 Nc5 55. Nd1 Kd6 56. Nf2 Ne6+ 57. Kg4 Kd5 1/2-1/2

[Event "SR 3. liga A2 2004/2005"]
[Site "?"]
[Date "2005.??.??"]
[Round "?"]
[White "Furjel, Andrej"]
[Black "Zarecky, Eduard"]
[Result "1-0"]
[WhiteElo "2005"]
[BlackElo "1920"]
[Annotator "Modranka - Piestany B"]
[PlyCount "65"]
[EventDate "2004.??.??"]

1. Nf3 Nf6 2. c4 c5 3. Nc3 Nc6 4. g3 g6 5. Bg2 Bg7 6. O-O O-O 7. d3 e6 8. Be3
d6 9. Qd2 Ne7 10. Bh6 Nf5 11. Bxg7 Kxg7 12. d4 Qe7 13. Rad1 Rb8 14. e4 Nh6 15.
h3 e5 16. dxe5 dxe5 17. g4 Nhxg4 18. hxg4 Bxg4 19. Qd6 Rfe8 20. Qxe7 Rxe7 21.
Rd2 h5 22. Nh2 Be6 23. Nd5 Rd7 24. a4 g5 25. Re2 g4 26. Rfe1 Nh7 27. Nf1 h4 28.
Nfe3 Kg6 29. Nf5 h3 30. Bf1 Ng5 31. Rd1 Bxf5 32. exf5+ Kxf5 33. Ne3+ 1-0

[Event "SR 3. liga A2 2004/2005"]
[Site "?"]
[Date "2005.??.??"]
[Round "?"]
[White "Gajarsky, Julius"]
[Black "Orvisky, Vladimir"]
[Result "1-0"]
[WhiteElo "1840"]
[BlackElo "1880"]
[Annotator "Modranka - Piestany B"]
[PlyCount "139"]
[EventDate "2004.??.??"]

1. Nf3 Nf6 2. c4 d5 3. cxd5 Nxd5 4. e4 Nf6 5. Nc3 Bg4 6. e5 Nd5 7. Qa4+ Bd7 8.
Qb3 Nb6 9. a4 a5 10. d4 e6 11. Bd2 Bb4 12. Nb5 Na6 13. Rc1 O-O 14. Bxb4 Nxb4
15. Be2 Bc6 16. O-O N4d5 17. Rfd1 Nf4 18. Bf1 Bd5 19. Qe3 Bxf3 20. Qxf3 Nfd5
21. b3 Qe7 22. Bd3 Nc8 23. Qe4 g6 24. h4 c6 25. Nc3 Nxc3 26. Rxc3 h5 27. Be2 f5
28. Qf4 Rf7 29. Rg3 Rg7 30. Rdd3 Kh7 31. Rg5 Nb6 32. Rdg3 Rag8 33. Bxh5 Nd5 34.
Bxg6+ Rxg6 35. Rh5+ Kg7 36. Rxg6+ Kxg6 37. Qh6+ Kf7 38. Qh7+ Rg7 39. Qh6 Qf8
40. Qd2 Qg8 41. f4 Nxf4 42. Qxf4 Rxg2+ 43. Kf1 Rg1+ 44. Ke2 Qg2+ 45. Kd3 Qh3+
46. Kc4 Rg3 47. Kc5 Qg2 48. Kd6 Qd5+ 49. Kc7 Rg8 50. Rh7+ Rg7 51. Rxg7+ Kxg7
52. Qg5+ Kh7 53. h5 Qxd4 54. Qg6+ Kh8 55. Qf6+ Kh7 56. h6 Qg4 57. Qxe6 Qg6 58.
Qxg6+ Kxg6 59. e6 f4 60. e7 Kxh6 61. e8=Q Kg5 62. Qe5+ Kg4 63. Qxa5 f3 64. Qe1
Kh3 65. Qf2 Kg4 66. Kxb7 c5 67. a5 Kf4 68. Kc6 Ke4 69. Kxc5 Kf4 70. a6 1-0

[Event "SR 3. liga A2 2004/2005"]
[Site "?"]
[Date "2005.??.??"]
[Round "?"]
[White "Kozinka, Jan"]
[Black "Masar, Michal"]
[Result "0-1"]
[WhiteElo "1720"]
[BlackElo "1825"]
[Annotator "Modranka - Piestany B"]
[PlyCount "54"]
[EventDate "2004.??.??"]

1. e4 e6 2. Nf3 d5 3. e5 c5 4. d4 Nc6 5. c3 Qb6 6. Be2 Bd7 7. O-O cxd4 8. cxd4
Rc8 9. Nc3 Nge7 10. Na4 Qc7 11. Bd3 Nb4 12. Nc5 Nxd3 13. Qxd3 Bc6 14. b4 b6 15.
Na6 Qd7 16. Qa3 Bb5 17. Rd1 Qb7 18. Nc5 bxc5 19. bxc5 Qa6 20. Qc3 Ba4 21. Rd2
Rb8 22. Ng5 h6 23. Nf3 Nc6 24. Rb2 Rxb2 25. Bxb2 Be7 26. h4 Kd7 27. Nd2 Qa5 {
Neviem to dat dalej dokopy.} 0-1

[Event "SR 3. liga A2 2004/2005"]
[Site "?"]
[Date "2005.??.??"]
[Round "?"]
[White "Kubis, Ivan"]
[Black "Meszaros, Lorant"]
[Result "1/2-1/2"]
[WhiteElo "2060"]
[BlackElo "2080"]
[Annotator "Skalica - Orechova Poton"]
[PlyCount "80"]
[EventDate "2004.??.??"]

1. e4 c5 2. Nf3 Nf6 3. Nc3 e6 4. d4 cxd4 5. Nxd4 Bb4 6. e5 Nd5 7. Bd2 a6 8.
Nxd5 Bxd2+ 9. Qxd2 exd5 10. Nf5 O-O 11. O-O-O Nc6 12. f4 d4 13. Nxd4 d5 14. Nb3
Bg4 15. Re1 a5 16. h3 Bf5 17. Nd4 Be4 18. Nxc6 bxc6 19. Bd3 Bxd3 20. Qxd3 Qb6
21. c4 Rad8 22. cxd5 Rxd5 23. Qe3 c5 24. Rd1 Rd4 25. Rhg1 Rc4+ 26. Kb1 Qg6+ 27.
Qd3 Re4 28. g4 Qc6 29. Qd5 Qa4 30. b3 Rb4 31. Qxc5 Qa3 32. Qc1 Qa4 33. Qb2 Qb5
34. Rg3 a4 35. f5 Qc6 36. Rc3 Qe4+ 37. Qc2 Qxe5 38. Rc5 axb3 39. Rxe5 bxc2+ 40.
Kxc2 Rc8+ 1/2-1/2

[Event "SR 3. liga A2 2004/2005"]
[Site "?"]
[Date "2005.??.??"]
[Round "?"]
[White "Szekely, Stefan"]
[Black "Vepy, Ivan"]
[Result "0-1"]
[WhiteElo "2060"]
[BlackElo "1890"]
[Annotator "Skalica - Orechova Poton"]
[PlyCount "84"]
[EventDate "2004.??.??"]

1. c4 Nf6 2. Nc3 d5 3. cxd5 Nxd5 4. Nf3 Nc6 5. g3 e5 6. d3 Be7 7. Bg2 Be6 8.
O-O O-O 9. Ne4 h6 10. Bd2 f5 11. Nc3 Qd7 12. Qa4 Nb6 13. Qd1 Rad8 14. Be3 Nd5
15. Nxd5 $11 Bxd5 16. Qc1 Qe6 17. Bc5 Bxc5 18. Qxc5 e4 19. dxe4 Bxe4 20. Qe3
Rd6 21. b3 Rfd8 22. Rac1 R8d7 23. a3 a6 24. Qc3 Bxf3 25. Bxf3 Nd4 26. Qb4 b5
27. Rc3 f4 28. Kg2 Rf7 29. Rcc1 fxg3 30. hxg3 Nxf3 31. exf3 Rd3 32. Rfe1 Qd5
33. Re8+ Kh7 34. Qe4+ Qxe4 35. fxe4 Rxb3 36. e5 Rb2 37. e6 Rfxf2+ 38. Kh3 Rbe2
39. Rxc7 h5 40. Kh4 Kg6 41. g4 Rh2+ 42. Kg3 h4+ 0-1

[Event "SR 3. liga A2 2004/2005"]
[Site "?"]
[Date "2005.??.??"]
[Round "?"]
[White "Vogl, Zdenek"]
[Black "Both, Lajos"]
[Result "1-0"]
[WhiteElo "1880"]
[BlackElo "1995"]
[Annotator "Skalica - Orechova Poton"]
[PlyCount "81"]
[EventDate "2004.??.??"]

1. e4 c5 2. Nf3 d6 3. d4 cxd4 4. Nxd4 Nf6 5. Nc3 g6 6. f3 Bg7 7. Be3 O-O 8. Bc4
Bd7 9. Qd2 Nc6 10. h4 Rc8 11. Bb3 Na5 12. g4 Nc4 13. Bxc4 Rxc4 14. O-O-O a6 15.
h5 b5 16. hxg6 fxg6 17. Nd5 Nxd5 18. exd5 Bxd4 19. Bxd4 Rf7 20. Qg5 Rxd4 21.
Rxd4 Rxf3 22. Re4 Rf7 23. Rhe1 Kf8 24. a3 Bc8 25. Rf4 Rxf4 26. Qxf4+ Kg8 27.
Qg5 Qf8 28. b3 a5 29. Re4 Kg7 30. Rxe7+ Kg8 31. Rc7 a4 32. Kb2 axb3 33. Kxb3
Qf3+ 34. Kb2 Qf8 35. c3 Qe8 36. Re7 Qf8 37. Qe3 Qf6 38. Re8+ Kf7 39. Rxc8 g5
40. Qe8+ Kg7 41. Rc7+ 1-0

[Event "SR 3. liga A2 2004/2005"]
[Site "?"]
[Date "2005.??.??"]
[Round "?"]
[White "Varga, Alexander"]
[Black "Hrubsa, Marian"]
[Result "1-0"]
[WhiteElo "1850"]
[BlackElo "1775"]
[Annotator "Skalica - Orechova Poton"]
[PlyCount "103"]
[EventDate "2004.??.??"]

1. d4 d5 2. Nf3 Nf6 3. e3 Bg4 4. h3 Bh5 5. c4 e6 6. Nc3 Be7 7. Be2 c6 8. b3 Bb4
9. Bd2 Qa5 10. Qc1 Ne4 11. Nxe4 dxe4 12. Bxb4 Qxb4+ 13. Qd2 Qe7 14. Nh2 Bg6 15.
O-O Nd7 16. b4 O-O 17. Rfd1 Rfd8 18. Qb2 Qg5 19. a4 h5 20. b5 Rab8 21. Nf1 Bf5
22. Kh2 Nf6 23. Rab1 Qh4 24. bxc6 bxc6 25. Qxb8 Rxb8 26. Rxb8+ Kh7 27. Ng3 Bg4
28. Kg1 Bxe2 29. Nxe2 g5 30. Rb7 Kg7 31. Rxa7 g4 32. Nf4 gxh3 33. Nxh3 Qg4 34.
Rd2 Qf5 35. Rb2 Ng4 36. Rbb7 Nh6 37. Rc7 Qg4 38. Nf4 Qd1+ 39. Kh2 Ng4+ 40. Kg3
Nh6 41. Nxe6+ Kf6 42. Nf4 Qg4+ 43. Kh2 Qh4+ 44. Kg1 Kg7 45. Ra5 Ng4 46. Nxh5+
Kh6 47. Rxf7 Qh2+ 48. Kf1 Qb8 49. g3 Nh2+ 50. Kg2 Nf3 51. Nf4 c5 52. Ra6+ 1-0

[Event "SR 3. liga A2 2004/2005"]
[Site "?"]
[Date "2005.??.??"]
[Round "?"]
[White "Baumgartner, Milan"]
[Black "Arpa, Zoltan"]
[Result "1-0"]
[WhiteElo "1710"]
[BlackElo "1890"]
[Annotator "Skalica - Orechova Poton"]
[PlyCount "89"]
[EventDate "2004.??.??"]

1. c4 e6 2. Nc3 d5 3. cxd5 exd5 4. d4 Nf6 5. g3 c6 6. Bg2 Nbd7 7. Nf3 Bd6 8.
O-O O-O 9. e3 Re8 10. b3 Nf8 11. Qc2 Bd7 12. Rd1 Qc8 13. Bb2 Bf5 14. Qd2 Ne4
15. Nxe4 Bxe4 16. Ng5 Bxg2 17. Kxg2 Qf5 18. Nf3 Nd7 19. Qd3 Qxd3 20. Rxd3 Nf6
21. Rad1 Ne4 22. Nd2 Bb4 23. Nb1 f5 24. Bc3 Bxc3 25. Nxc3 Nxc3 26. Rxc3 Re6 27.
Rdc1 Rae8 28. a4 Kf7 29. b4 Rc8 30. b5 Ke7 31. Rc5 Kd7 32. a5 Ree8 33. a6 b6
34. Rxc6 Rxc6 35. Rxc6 Rc8 36. Rxc8 Kxc8 37. Kf3 Kd7 38. Kf4 Ke6 39. g4 fxg4
40. Kxg4 Kf6 41. f3 g6 42. e4 h6 43. h4 Ke6 44. h5 g5 45. e5 1-0

[Event "SR 3. liga A2 2004/2005"]
[Site "?"]
[Date "2005.??.??"]
[Round "?"]
[White "Palka, Miroslav"]
[Black "Petenyi, Tamas"]
[Result "1/2-1/2"]
[WhiteElo "2040"]
[BlackElo "2035"]
[Annotator "Senica B - Gabcikovo"]
[PlyCount "21"]
[EventDate "2004.??.??"]

1. c4 e5 2. Nc3 Nf6 3. e4 d6 4. g3 Be6 5. d3 g6 6. Bg2 Bg7 7. Nge2 O-O 8. O-O
Nc6 9. h3 a6 10. Kh1 Rb8 11. Be3 1/2-1/2

[Event "SR 3. liga A2 2004/2005"]
[Site "?"]
[Date "2005.??.??"]
[Round "?"]
[White "Puobis, Jozef"]
[Black "Skapikova, Lubica"]
[Result "1/2-1/2"]
[WhiteElo "2060"]
[BlackElo "2000"]
[Annotator "Senica B - Gabcikovo"]
[PlyCount "21"]
[EventDate "2004.??.??"]

1. e4 e5 2. Nf3 Nc6 3. Bb5 a6 4. Ba4 b5 5. Bb3 Nf6 6. O-O Be7 7. c3 O-O 8. Re1
d5 9. exd5 Nxd5 10. Nxe5 Nxe5 11. Rxe5 1/2-1/2

[Event "SR 3. liga A2 2004/2005"]
[Site "?"]
[Date "2005.??.??"]
[Round "?"]
[White "Fidericky, Milan"]
[Black "Kosar, Mikulas ml"]
[Result "1/2-1/2"]
[WhiteElo "1940"]
[BlackElo "2005"]
[Annotator "Senica B - Gabcikovo"]
[PlyCount "27"]
[EventDate "2004.??.??"]

1. e4 e5 2. Nf3 Nf6 3. Nxe5 d6 4. Nf3 Nxe4 5. d4 d5 6. Bd3 f5 7. O-O Be7 8. Re1
O-O 9. c4 c6 10. Nc3 Nxc3 11. bxc3 Nd7 12. Bf4 Nf6 13. cxd5 Nxd5 14. Bd2
1/2-1/2

[Event "SR 3. liga A2 2004/2005"]
[Site "?"]
[Date "2005.??.??"]
[Round "?"]
[White "Czikhardt, Tibor"]
[Black "Sipkovsky, Ivan"]
[Result "1/2-1/2"]
[WhiteElo "2020"]
[BlackElo "1910"]
[Annotator "Senica B - Gabcikovo"]
[PlyCount "30"]
[EventDate "2004.??.??"]

1. e4 c5 2. Nf3 d6 3. d4 cxd4 4. Nxd4 Nf6 5. Nc3 g6 6. Be3 Bg7 7. f3 O-O 8. Qd2
Nc6 9. O-O-O Nxd4 10. Bxd4 Be6 11. Kb1 Qc7 12. g4 Rfc8 13. h4 Qa5 14. a3 Rab8
15. h5 b5 $11 1/2-1/2

[Event "SR 3. liga A2 2004/2005"]
[Site "?"]
[Date "2005.??.??"]
[Round "?"]
[White "Zisek, Jaroslav"]
[Black "Kosar, Mikulas st"]
[Result "1/2-1/2"]
[WhiteElo "1770"]
[BlackElo "2075"]
[Annotator "Senica B - Gabcikovo"]
[PlyCount "26"]
[EventDate "2004.??.??"]

1. c4 c5 2. Nf3 Nc6 3. Nc3 Nf6 4. d4 cxd4 5. Nxd4 g6 6. e4 Bg7 7. Be3 d6 8. Be2
O-O 9. Rc1 Bd7 10. O-O a6 11. Nc2 Rc8 12. b3 Na5 13. h3 b5 1/2-1/2

[Event "SR 3. liga A2 2004/2005"]
[Site "?"]
[Date "2005.??.??"]
[Round "?"]
[White "Kubica, Adrian"]
[Black "Havlicek, Peter"]
[Result "1/2-1/2"]
[WhiteElo "1950"]
[BlackElo "1675"]
[Annotator "Senica B - Gabcikovo"]
[PlyCount "43"]
[EventDate "2004.??.??"]

1. e4 c5 2. Nf3 d6 3. d4 cxd4 4. Nxd4 Nc6 5. Be3 Nf6 6. Nc3 e6 7. Be2 Be7 8.
O-O O-O 9. Ndb5 a6 10. Nd4 h6 11. h3 Qc7 12. Qd2 e5 13. Nb3 Be6 14. Rad1 b5 15.
f4 exf4 16. Bxf4 Ne5 17. Bf3 Rad8 18. Nd5 Nxf3+ 19. gxf3 Nxd5 20. exd5 Bxh3 21.
Rf2 Kh8 22. Nd4 1/2-1/2

[Event "SR 3. liga A2 2004/2005"]
[Site "?"]
[Date "2005.??.??"]
[Round "?"]
[White "Beran, Jan"]
[Black "Fekete, Stefan"]
[Result "1/2-1/2"]
[WhiteElo "1690"]
[BlackElo "1745"]
[Annotator "Senica B - Gabcikovo"]
[PlyCount "30"]
[EventDate "2004.??.??"]

1. d4 d5 2. c4 e6 3. Nc3 Nf6 4. Bg5 Nbd7 5. Nf3 Be7 6. e3 c6 7. Bd3 O-O 8. O-O
b6 9. Qc2 h6 10. Bh4 Bb7 11. cxd5 cxd5 12. a3 a6 13. h3 Rc8 14. Qe2 b5 15. Rac1
Nb6 1/2-1/2

[Event "SR 3. liga A2 2004/2005"]
[Site "?"]
[Date "2005.??.??"]
[Round "?"]
[White "Bott, Tamas"]
[Black "Palka, Martin"]
[Result "1/2-1/2"]
[WhiteElo "1625"]
[BlackElo "1650"]
[Annotator "Senica B - Gabcikovo"]
[PlyCount "22"]
[EventDate "2004.??.??"]

1. e4 c5 2. Nf3 d5 3. d4 cxd4 4. Nxd4 Nf6 5. Nc3 a6 6. Be3 e6 7. Be2 Be7 8. O-O
O-O 9. Kh1 Nc6 10. f4 a5 11. Qe1 Bd7 1/2-1/2

[Event "SR 3. liga A2 2004/2005"]
[Site "?"]
[Date "2005.??.??"]
[Round "?"]
[White "Jurica, Peter"]
[Black "Pribila, Michal"]
[Result "1-0"]
[WhiteElo "2195"]
[BlackElo "2055"]
[Annotator "Vrbove - Gbely"]
[PlyCount "63"]
[EventDate "2004.??.??"]

1. Nf3 d5 2. d4 f5 3. h4 Nf6 4. Bg5 e6 5. e3 Nbd7 6. g4 fxg4 7. Ne5 Be7 8. Nxg4
Nxg4 9. Qxg4 Nf6 10. Bxf6 Bxf6 11. Qg3 c5 12. Nc3 cxd4 13. exd4 Bxd4 14. Nb5
Bxb2 15. Nc7+ Kf7 16. Rb1 Qf6 17. Nxa8 Bd7 18. Qc7 Bc3+ 19. Ke2 Rxa8 20. Rh3
Qe5+ 21. Qxe5 Bxe5 22. Rxb7 Ke8 23. Re3 Bd4 24. Rd3 Bb6 25. Rg3 g6 26. h5 Kd8
27. Kd1 Rc8 28. h6 e5 29. Rxd7+ Kxd7 30. Bh3+ Kd8 31. Bxc8 Kxc8 32. Rxg6 1-0

[Event "SR 3. liga A2 2004/2005"]
[Site "?"]
[Date "2005.??.??"]
[Round "?"]
[White "Vach, Jozef"]
[Black "Blazek, Milos"]
[Result "0-1"]
[WhiteElo "2035"]
[BlackElo "2120"]
[Annotator "Vrbove - Gbely"]
[PlyCount "88"]
[EventDate "2004.??.??"]

1. c4 c5 2. Nc3 Nf6 3. e4 Nc6 4. Nf3 d6 5. Be2 g6 6. O-O Bg7 7. d3 O-O 8. Be3
Ng4 9. Bf4 e5 10. Bd2 f5 11. Nd5 f4 12. Bc3 g5 13. Ne1 Nf6 14. Nc2 Ne7 15.
Nxf6+ Rxf6 16. Bh5 Be6 17. h3 Qd7 18. Bg4 Raf8 19. f3 h5 20. Bxe6+ Qxe6 21. Be1
Rg6 22. Kh1 g4 23. Kh2 Bf6 24. Qe2 Kf7 25. Bd2 gxh3 26. Rg1 Rg3 27. Be1 Rfg8
28. Bxg3 Rxg3 29. Qf1 hxg2 30. Rxg2 Qh3+ 31. Kg1 Rxf3 32. Qe2 Rxd3 33. Rh2 Qg4+
34. Rg2 f3 35. Rxg4 fxe2 36. Rg2 Rd2 37. Ne3 Bh4 38. Nf1 exf1=Q+ 39. Kxf1 Rd4
40. Re2 Ng6 41. b3 Bg3 42. Rb1 Nf4 43. Re3 h4 44. Kg1 Rd2 0-1

[Event "SR 3. liga A2 2004/2005"]
[Site "?"]
[Date "2005.??.??"]
[Round "?"]
[White "Blatnicky, Miroslav"]
[Black "Pribila, Gerhard"]
[Result "0-1"]
[WhiteElo "2010"]
[BlackElo "1945"]
[Annotator "Vrbove - Gbely"]
[PlyCount "103"]
[EventDate "2004.??.??"]

1. e4 c5 2. Nf3 d6 3. d4 cxd4 4. Nxd4 Nf6 5. Nc3 g6 6. Be3 Bg7 7. f3 O-O 8. Qd2
Nc6 9. Be2 d5 10. O-O-O Nxd4 11. Bxd4 dxe4 12. fxe4 Be6 13. h4 h5 14. Qg5 Qc7
15. Nd5 Bxd5 16. exd5 Kh7 17. Be3 Ne4 18. d6 exd6 19. Qf4 Rae8 20. g4 Nf6 21.
g5 Ne4 22. Bd4 Ng3 23. Qxg3 Rxe2 24. Qd3 Rfe8 25. Bxg7 Kxg7 26. Rh3 Qc5 27. c3
Qb6 28. Qd4+ Qxd4 29. Rxd4 Re1+ 30. Rd1 R8e4 31. b4 f6 32. gxf6+ Kxf6 33. Rf3+
Ke6 34. Rg3 Rxd1+ 35. Kxd1 Rg4 36. Rh3 Kf5 37. a4 d5 38. Kd2 Kf4 39. a5 Rg2+
40. Kd3 Rg3+ 41. Rxg3 Kxg3 42. Kd4 Kxh4 43. Kxd5 Kg3 44. c4 h4 45. c5 a6 46.
Kd6 h3 47. Kc7 h2 48. Kxb7 h1=Q+ 49. c6 Qd5 50. Kxa6 Qxc6+ 51. Ka7 Qb5 52. Ka8
0-1

[Event "SR 3. liga A2 2004/2005"]
[Site "?"]
[Date "2005.??.??"]
[Round "?"]
[White "Jozefovic, Milan"]
[Black "Krchnak, Rudolf"]
[Result "0-1"]
[WhiteElo "1730"]
[BlackElo "1790"]
[Annotator "Vrbove - Gbely"]
[PlyCount "120"]
[EventDate "2004.??.??"]

1. e4 c5 2. Bc4 e6 3. Nc3 a6 4. a4 d6 5. Nf3 Nc6 6. d4 cxd4 7. Nxd4 Qb6 8. Nxc6
Qxc6 9. Qe2 Nf6 10. Bd3 Be7 11. O-O O-O 12. Bg5 Re8 13. Qf3 Qc5 14. Be3 Qh5 15.
Qg3 Qg4 16. Bg5 Qxg3 17. hxg3 h6 18. Be3 Bd7 19. a5 Bc6 20. f3 Nd7 21. Bd4 Bf6
22. Ne2 Ne5 23. Bxe5 Bxe5 24. c3 Rad8 25. f4 Bf6 26. Nd4 Bd7 27. Nf3 Bc6 28.
Rac1 e5 29. Rfe1 Rd7 30. f5 d5 31. b4 d4 32. c4 Rc7 33. b5 Bd7 34. bxa6 bxa6
35. Rb1 Rc5 36. Rb7 Bc8 37. Rb8 Rxa5 38. Reb1 Kf8 39. Ra8 Rc5 40. Nd2 Be7 41.
Rbb8 Bd6 42. Rb6 Bc7 43. Rb1 Rc6 44. Ra1 Bb7 45. Rxe8+ Kxe8 46. Nb3 Ke7 47. Na5
Bxa5 48. Rxa5 f6 49. c5 Kd8 50. Kf2 Rc8 51. Kf3 Kc7 52. Bc4 Rb8 53. Bxa6 Ra8
54. Bxb7 Rxa5 55. c6 Ra3+ 56. Kf2 Re3 57. Ba6 Kxc6 58. Be2 Kc5 59. Bf3 Kb4 60.
g4 Kc3 0-1

[Event "SR 3. liga A2 2004/2005"]
[Site "?"]
[Date "2005.??.??"]
[Round "?"]
[White "Smrek, Peter"]
[Black "Kocak, Branislav"]
[Result "0-1"]
[WhiteElo "1700"]
[BlackElo "1660"]
[Annotator "Vrbove - Gbely"]
[PlyCount "125"]
[EventDate "2004.??.??"]

1. e4 c5 2. Nf3 d6 3. d4 cxd4 4. Nxd4 Nf6 5. Nc3 g6 6. b3 Bg7 7. Bb2 O-O 8. Qd2
Nc6 9. O-O-O Bd7 10. f3 Rc8 11. Kb1 a6 12. g4 b5 13. Nxc6 Rxc6 14. Bd3 Qc8 15.
Ne2 Ne8 16. Nd4 Rc7 17. h4 e5 18. Ne2 h6 19. Rdg1 Ra7 20. Nc3 Be6 21. Ba3 Rb7
22. Bb4 Qd8 23. Ne2 Qc8 24. Qc1 Ra7 25. Rh2 Qd7 26. Ng3 a5 27. Bd2 Kh7 28. Nf5
Bxf5 29. exf5 e4 30. Bxe4 Qe7 31. h5 Qe5 32. hxg6+ Kg8 33. c3 Qxh2 34. Rh1 Qe5
35. Bxh6 Rc7 36. Bxg7 Qxg7 37. Bd5 Nf6 38. gxf7+ Rfxf7 39. Bxf7+ Kxf7 40. g5
Nd5 41. g6+ Kg8 42. c4 Nc3+ 43. Kc2 bxc4 44. Rh7 cxb3+ 45. Kd3 Qd4+ 46. Kxd4
Ne2+ 47. Kd5 Rxc1 48. axb3 Rc5+ 49. Ke4 Ng3+ 50. Kf4 Nxf5 51. Kg5 Nd4+ 52. Kh6
Nf5+ 53. Kg5 Ng7+ 54. Kf6 Rf5+ 55. Ke7 d5 56. Kd6 d4 57. Rh4 Rxf3 58. Kc5 Rxb3
59. Kc4 Rb4+ 60. Kd3 Nf5 61. Rf4 Nd6 62. Rxd4 Rxd4+ 63. Kxd4 0-1

[Event "SR 3. liga A2 2004/2005"]
[Site "?"]
[Date "2005.??.??"]
[Round "?"]
[White "Zajicek, Ferdinand"]
[Black "Podjavorinsky, Peter"]
[Result "1/2-1/2"]
[WhiteElo "1725"]
[BlackElo "1720"]
[Annotator "Vrbove - Gbely"]
[PlyCount "142"]
[EventDate "2004.??.??"]

1. e4 e5 2. Nf3 Nf6 3. Nc3 Nc6 4. Bc4 Bc5 5. h3 d6 6. d3 Be6 7. Bb5 a6 8. Bxc6+
bxc6 9. a3 a5 10. Be3 Ba7 11. O-O O-O 12. Qd2 Nd7 13. Bxa7 Rxa7 14. b3 f5 15.
Qe3 Ra8 16. Qg5 Rf6 17. exf5 h6 18. Qe3 Bxf5 19. Ne4 Rf7 20. Ng3 Be6 21. c4 Qf6
22. Ne4 Qg6 23. Nh4 Qh5 24. Qg3 Kh7 25. f4 Raf8 26. fxe5 Nxe5 27. Rxf7 Rxf7 28.
d4 Ng6 29. Qxg6+ Qxg6 30. Nxg6 Kxg6 31. Rf1 Rxf1+ 32. Kxf1 Kf5 33. Nd2 h5 34.
Kf2 h4 35. Kf3 g5 36. a4 c5 37. d5 Bf7 38. Nb1 Bh5+ 39. Ke3 Bd1 40. Nd2 Bc2 41.
Kf3 Bd1+ 42. Ke3 g4 43. hxg4+ Kxg4 44. Kf2 Kf4 45. Ke1 Bc2 46. Ke2 Bf5 47. Kf2
h3 48. gxh3 Bxh3 49. Ke2 Bf5 50. Kd1 Ke3 51. Kc1 Kd3 52. Nb1 Bg4 53. Kb2 Bf3
54. Nc3 c6 55. dxc6 Bxc6 56. Nb5 d5 57. cxd5 Bxd5 58. Nd6 c4 59. bxc4 Bxc4 60.
Nb7 Kd4 61. Nxa5 Be2 62. Nb3+ Kd5 63. a5 Kd6 64. Kc3 Kc7 65. Kb4 Kb7 66. Nc5+
Ka7 67. Kc3 Bf1 68. Kd4 Be2 69. Kd5 Bf3+ 70. Kd6 Be2 71. Kc6 Bf3+ 1/2-1/2

[Event "SR 3. liga A2 2004/2005"]
[Site "?"]
[Date "2005.??.??"]
[Round "?"]
[White "Mikudik, Ivan"]
[Black "Papanek, Lubomir"]
[Result "1-0"]
[WhiteElo "1650"]
[BlackElo "1655"]
[Annotator "Vrbove - Gbely"]
[PlyCount "192"]
[EventDate "2004.??.??"]

1. d4 c6 2. c4 d5 3. Nc3 Bf5 4. Nf3 e6 5. e3 Bg4 6. h3 Bh5 7. Bd3 Bb4 8. Bd2
Ne7 9. Rc1 Nd7 10. cxd5 exd5 11. Qb3 Qb6 12. Ke2 Bxc3 13. Qxc3 O-O 14. b3 Rfe8
15. g4 Bg6 16. h4 Nf6 17. Rcg1 Bxd3+ 18. Qxd3 Ng6 19. Kf1 Ne4 20. h5 Nf8 21. g5
c5 22. dxc5 Qxc5 23. Nd4 Rac8 24. f3 Nxd2+ 25. Qxd2 Qc1+ 26. Ke2 Qxd2+ 27. Kxd2
Rc5 28. Rc1 Rec8 29. Rxc5 Rxc5 30. Rc1 Rxc1 31. Kxc1 h6 32. gxh6 gxh6 33. Nf5
Kh7 34. Ne7 Ne6 35. Nxd5 Kg7 36. Kd2 f5 37. e4 f4 38. Ke2 b5 39. Kf2 a5 40. Kg2
Nc5 41. Kh3 Nd3 42. Kg4 Nc1 43. b4 axb4 44. Nxb4 Ne2 45. Nd5 Kf7 46. a3 Nd4 47.
Nc3 Kf6 48. Kxf4 Ke6 49. e5 Nc6 50. Nxb5 Nxe5 51. Nd4+ Kf6 52. Kg3 Nc4 53. a4
Kg5 54. Nc6 Kxh5 55. a5 Kg5 56. a6 Nb6 57. a7 Kf5 58. Ne7+ Ke6 59. Ng6 Kd6 60.
f4 Kc6 61. f5 Kb7 62. Ne5 Nd5 63. Kh4 Kxa7 64. Ng4 Kb7 65. Nxh6 Kc6 66. Kg5 Kd7
67. Ng8 Ne3 68. f6 Ke6 69. Nh6 Nc4 70. Kg6 Ne5+ 71. Kg7 Nd7 72. f7 Ke7 73. Ng4
Nf8 74. Ne3 Ne6+ 75. Kg8 Kf6 76. Nd5+ Ke5 77. Nc7 Nxc7 78. f8=Q Ne6 79. Qe7 Kf5
80. Kh7 Ng5+ 81. Kh6 Ne6 82. Qf7+ Ke5 83. Kg6 Nf4+ 84. Kg5 Ne6+ 85. Kg4 Kd6 86.
Kf5 Nd4+ 87. Ke4 Ne6 88. Qf6 Kd7 89. Ke5 Nc7 90. Qd6+ Kc8 91. Qc6 Kd8 92. Kf6
Ne8+ 93. Kf7 Nc7 94. Kf8 Kc8 95. Ke7 Kb8 96. Kd7 Na6 1-0

[Event "SR 3. liga A2 2004/2005"]
[Site "?"]
[Date "2005.??.??"]
[Round "?"]
[White "Puchart, Vladimir"]
[Black "Kubis, Ivan"]
[Result "1-0"]
[WhiteElo "2085"]
[BlackElo "2060"]
[Annotator "Trnava B - Skalica"]
[PlyCount "89"]
[EventDate "2004.??.??"]

1. d4 Nf6 2. c4 e6 3. g3 Be7 4. Bg2 d5 5. Nc3 O-O 6. Nf3 b6 7. Ne5 Bb7 8. O-O
Nbd7 9. cxd5 exd5 10. Qa4 Nxe5 11. dxe5 Ne8 12. Nxd5 Bxd5 13. Rd1 c6 14. e4 b5
15. Qc2 Qc7 16. exd5 cxd5 17. Qe2 b4 18. Bf4 Qb6 19. Be3 Bc5 20. Bxd5 Rb8 21.
Bxc5 Qxc5 22. Rac1 Qa5 23. Qc4 Qb6 24. Qc6 g6 25. Qxb6 Rxb6 26. Rc8 Ng7 27.
Rdc1 Ne6 28. Rxf8+ Kxf8 29. Rc6 Rb5 30. Bxe6 fxe6 31. Rc8+ Kg7 32. Rc7+ Kg8 33.
Rxa7 Rxe5 34. Rb7 Ra5 35. Rxb4 Rxa2 36. Rb7 h5 37. h4 Kf8 38. Kg2 Ra5 39. b3 g5
40. b4 Rd5 41. hxg5 Rxg5 42. Kh3 Kg8 43. Kh4 Rf5 44. f4 Rd5 45. Re7 1-0